1569 1419 1928 1783 1685 1364 1295 1112 1774 1616 1688 1947 1971 1744 1929 1798 1540 1805 1620 1105 1666 1427 1833 1102 1935 1726 1073 1780 1980 1750 1263 1405 1764 1270 1798 1688 1845 1425 1654 1284 1246 1211 1682 1363 1514 1569 1659 1581 1185 1805 1226 1447 1608 1748 1399 1850 1041 1965 1051 1385 1440 1344 1929 1521 1776 1096 1820 1073 1415 1688 1854 1460 1599 1619 1753 1216 1958 1291 1484 1000 1139 1262 1641 1385 1157 1871 1611 1906 1756 1860 1529 1701 1636 1373 1806 1380 1471 1903 1979 BCNSPRNW ULIB Ver.6.0+V

เปลี่ยนเป็นภาษาไทย

Change to English
 แสดงรายละเอียดบรรณานุกรม
  กลับหน้าหลัก

Brief Record : Get Marc (ISO 2709) : E-mail record : QR code < ปิดหน้าต่าง
LEADER : 00000nam 2200000uu 4500
001    13399120007
003     ULIB
008    120822s2555||||th 000 0 tha d
020    ^a9786165514576(ล.4)
060 04 ^aWL100^bณ259B ล.4
245 00 ^aBasic and clinical neuroscience 4 /^cบรรณาธิการ, ชัยภัทร ชุณหรัศมิ์, ณัฐ พสุธารชาติ, อรอุมา ชิติเนตร และนิจศรี ชาญณรงค์
250    ^aพิมพ์ครั้งที่ 1
260    ^aกรุงเทพฯ :^bสาขาวิชาประสาทวิทยา ภาควิชาอายุรศาสตร์คณะแพทยศาสตร์ จุฬาลงกรณ์มหาวิทยาลัย,^c2555
300    ^a464 หน้า :^bภาพประกอบ ;^c26 ซม.
650  7 ^aประสาทวิทยา
650  7 ^aประสาทวิทยาศาสตร์
700 0  ^aณัฐ พสุธารชาติ,^eบรรณาธิการ
700 0  ^aชัยภัทร ชุณหรัศมิ์,^eบรรณาธิการ
700 0  ^aอรอุมา ชุติเนตร,^eบรรณาธิการ
700 0  ^aนิจศรี ชาญณรงค์,^eบรรณาธิการ
710 2  ^aจุฬาลงกรณ์มหาวิทยาลัย. ^bคณะแพทยศาสตร์.^bภาควิชาอายุรศาสตร์. ^bสาขาวิชาประสาทวิทยา
945    ^p490^l0^i032446
945    ^p490^l0^i032447
945    ^p490^l0^i032448
945    ^p490^l0^i032449
995    ^aเกษร
999 ^a ใช้งานได้ทุกระบบ
รายการนี้ยังไม่มีแท็ก
คุณยังไม่ได้ล็อกอิน คุณสามารถมีกิจกรรมร่วมกับเว็บไซต์ได้ แต่ต้องล็อกอินก่อน ::
  ล็อกอิน

รายการสื่อสารสนเทศ

ลำดับที่ ประเภท เลขเรียก/บาร์โค้ด สถานที่ สถานะ
1. วิทยาศาสตร์การแพทย์ และสุขภาพ
หนังสือสำรอง
สถานะ=หนังสือสำรอง
WL100 ณ259B ล.4 ฉ.1 
  Barcode: 032446
ห้องสมุดวิทยาเขตสวรรค์ประชารักษ์
►ส่วนจัดเก็บหนังสือเก่า สปร
บนชั้น
  ขอยืม
2. วิทยาศาสตร์การแพทย์ และสุขภาพ
วิทยาศาสตร์การแพทย์ และสุขภาพ
WL100 ณ259B ล.4 ฉ.2 
  Barcode: 032447
ห้องสมุดวิทยาเขตสวรรค์ประชารักษ์
►ส่วนจัดเก็บหนังสือเก่า สปร
บนชั้น
  ขอยืม
3. วิทยาศาสตร์การแพทย์ และสุขภาพ
วิทยาศาสตร์การแพทย์ และสุขภาพ
WL100 ณ259B ล.4 ฉ.3 
  Barcode: 032448
ห้องสมุดวิทยาเขตสวรรค์ประชารักษ์
►ส่วนจัดเก็บหนังสือเก่า สปร
บนชั้น
  ขอยืม
4. วิทยาศาสตร์การแพทย์ และสุขภาพ
วิทยาศาสตร์การแพทย์ และสุขภาพ
WL100 ณ259B ล.4 ฉ.4 
  Barcode: 032449
ห้องสมุดวิทยาเขตสวรรค์ประชารักษ์
►ส่วนจัดเก็บหนังสือเก่า สปร
บนชั้น
  ขอยืม

รายการใกล้เคียง
    หัวเรื่อง [ประสาทวิทยา]
    หัวเรื่อง [ประสาทวิทยาศาสตร์]

BibComment


ยังไม่เคยถูกคอมเมนท์

คอมเมนท์ทรัพยากรรายการนี้
  คอมเมนท์: Basic and clinic..


 Copyright 2026. Bcnsprnw @Library